Guerra y modernidad : estudios sobre la historia de la violencia en el siglo XX /

Estudio sociológico de la guerra en el siglo XX, donde el autor analiza tanto las ideologías –ya de realismo político o ya de utopías pacifistas- que llevaron a los actores políticos a involucrarse en los conflictos internacionales, como las consecuencias de estos acontecimientos. El autor aborda, e...

Deskribapen osoa

Gorde:
Xehetasun bibliografikoak
Egile nagusia: Joas, Hans (autor)
Formatua: Liburua
Hizkuntza:gaztelania
Argitaratua: Barcelona, España : Paidós, 2005, c2005
Saila:(Paidós Estado y Sociedad ; 130)
Gaiak:
Etiketak: Etiketa erantsi
Etiketarik gabe, Izan zaitez lehena erregistro honi etiketa jartzen!

MARC

LEADER 00000nam^a2200000^a^4500
001 000183846
005 20250521000000.0
009 20260310102054.806
020 |a 84-493-1725-8 
037 |a Acervo ITESO - Biblioteca 
041 |a ESP 
082 |a 327. 16  |b JOA 
100 |a Joas, Hans  |e (autor) 
245 1 0 |a Guerra y modernidad :  |b estudios sobre la historia de la violencia en el siglo XX /  |c H. Joas ; tr. por Bernardo Moreno Carrillo. 
264 4 |a Barcelona, España :  |b Paidós,  |c 2005, c2005 
300 |a 292 p. 
336 |a texto  |b txt  |2 rdacontenido 
337 |a sin mediación  |b n  |2 rdamedio 
338 |a volumen  |b nc  |2 rdasoporte 
440 1 |a (Paidós Estado y Sociedad ;  |v 130) 
500 |a Traducción de: Kriege und Werte 
520 |a Estudio sociológico de la guerra en el siglo XX, donde el autor analiza tanto las ideologías –ya de realismo político o ya de utopías pacifistas- que llevaron a los actores políticos a involucrarse en los conflictos internacionales, como las consecuencias de estos acontecimientos. El autor aborda, entre otros conflictos, la Primera y Segunda Guerra Mundial, la Guerra de Vietnam y la Guerra Fría. 
649 |a XX 
650 |a Guerra Mundial (Primera), 1914-1918 -  |x Historia 
650 |a Guerra Mundial (Segunda), 1939-1945 -  |x Historia 
650 |a Guerra de Vietnam, 1961-1973 -  |x Historia 
650 |a Guerra Fría -  |x Historia 
650 |a Guerra y Paz -  |x Historia -  |y Siglo XX -  |x Tema Principal 
650 |a Guerra y Paz -  |x Aspectos Sociales y Culturales -  |x Tema Principal 
650 |a Violencia Política -  |x Historia -  |y Siglo XX 
650 |a Conflictos Internacionales -  |x Historia -  |y Siglo XX 
650 |a Crisis Política -  |x Historia -  |y Siglo XX 
650 |a Relaciones Internacionales -  |x Historia -  |y Siglo XX 
650 |a Globalización -  |x Aspectos Políticos 
650 |a Política Internacional -  |x Historia -  |y Siglo XX 
650 |a Historia Moderna -  |y Siglo XX 
650 |a Historia Universal 
910 |a Fondo General 
920 |a Impresos - Libros 
930 |a Colección General 
905 |a 101 
901 |a 0500124580  |b IT1  |c ACC  |u 20250521 
902 |a https://opac.biblio.iteso.mx/vufind/Record/000183846